Nhà nước và trách nhiệm của nhà nước

Về nguyên tắc, hiện nay muốn tồn tại mọi nhà nước đều phải là nhà nước dân chủ, quyền lực nhà nước thuộc về nhân dân, mặc dù có thể là thực chất hoặc hình thức. Sự hiện diện khách quan của nhà nước đại diện buộc nhà nước p...

Descrizione completa

Salvato in:
Dettagli Bibliografici
Autore principale: Nguyễn, Đăng Dung
Natura: Libro
Lingua:Undetermined
Pubblicazione: Hà Nội Tư pháp 2006
Soggetti:
Tags: Aggiungi Tag
Nessun Tag, puoi essere il primo ad aggiungerne! !
Thư viện lưu trữ: Trung tâm Học liệu Trường Đại học Cần Thơ
LEADER 01566nam a2200205Ia 4500
001 CTU_121003
008 210402s9999 xx 000 0 und d
020 |c 85000 
082 |a 342.041 
082 |b D513 
100 |a Nguyễn, Đăng Dung 
245 0 |a Nhà nước và trách nhiệm của nhà nước 
245 0 |c Nguyễn Đăng Dung 
260 |a Hà Nội 
260 |b Tư pháp 
260 |c 2006 
520 |a Về nguyên tắc, hiện nay muốn tồn tại mọi nhà nước đều phải là nhà nước dân chủ, quyền lực nhà nước thuộc về nhân dân, mặc dù có thể là thực chất hoặc hình thức. Sự hiện diện khách quan của nhà nước đại diện buộc nhà nước phải chịu trách nhiệm một cách rõ ràng, thì cách thức tổ chức các nhà nước phải hết sức đơn giản. Chính sự đơn giản này là lý do buộc nhà nước phải tổ chức thành những cơ cấu đơn giản, trong đó mỗi cơ cấu lại phải chịu trách nhiệm về những hành vi của mình. Đó là mong muốn của tác giả được trình bày thông qua nội dung của cuốn sách này: "Nhà nước và trách nhiệm của nhà nước" 
650 |a Administrative law,Constitutional law 
904 |i Hiếu 
980 |a Trung tâm Học liệu Trường Đại học Cần Thơ